|
|
|
|
| LEADER |
00668nam a22002052a 4500 |
| 001 |
000548581 |
| 003 |
CZ BrMZK |
| 005 |
20140926100237.0 |
| 007 |
ta |
| 008 |
960221s1967 xo af f slo d |
| 040 |
|
|
|a BOA001
|b cze
|
| 100 |
1 |
|
|a Noel, Ladislav,
|d 1922-1996
|7 ola2002111231
|4 aut
|
| 245 |
1 |
0 |
|a Škola fotografie pre začiatočníkov /
|c Ladislav Noel
|
| 250 |
|
|
|a 2., preprac. a rozšír. vyd.
|
| 260 |
|
|
|a Bratislava :
|b Obzor,
|c 1967
|
| 300 |
|
|
|a 107 s., obr. příl. :
|b il.
|
| 504 |
|
|
|a Obsahuje bibliografii
|
| 910 |
|
|
|a BOA001
|b 2-0396.092-67
|
| 990 |
|
|
|a BK
|
| 996 |
7 |
|
|b 2619723624
|c 2-0396.092-67
|l MZK
|r Sklad / do 24 hodin
|n 1
|w 000548581
|u 000010
|a 1
|e BOA001
|j MZK50
|s A
|